000 00631cam a22002172 4500
001 0000004180
005 20151217145757.0
008 070521s xx 000 0 eng d
020 _a81776563080 :
_cKES 2,200
040 _aKABU
_cKABU
050 0 _aQA76.76
_b.H94H76 2000
245 1 0 _aHTML Complete /
_ced. by Anamary Ehlen.
250 _a2nd ed.
260 _aSan Franscisco :
_bSybex,
_c2000.
300 _axxvi, 1010 p.
650 0 _aHTML (Document markup language)
_@0000148385
700 1 _aEhlen, Anamary.
_@0000154601
908 _a070521
950 _@1
999 _c2513
_d2513